[Event "Championnat de France des Jeunes - Pous"]
[Site "LA ROCHE SUR YON"]
[Date "2008.04.25"]
[Round "5.5"]
[White "Msellek, Ilyass"]
[Black "Ginovart, Axel"]
[Result "1-0"]
[WhiteElo "1829"]
[BlackElo "1570"]
[Annotator "Salaun,Michel"]
[PlyCount "109"]
[EventDate "2008.04.25"]
[EventType "swiss"]
[EventRounds "5"]
[EventCountry "FRA"]

1. e4 e5 2. Nf3 Nc6 3. Bb5 a6 4. Ba4 Nf6 5. O-O Be7 6. Re1 b5 7. Bb3 O-O 8. h3
Na5 9. Nxe5 Bb7 10. d3 c5 11. Nd2 Qc7 12. Nef3 Bc6 13. c3 Nxb3 14. axb3 b4 15.
Nf1 Rfe8 16. Ng3 d5 17. e5 Nd7 18. d4 Bb5 19. Nh2 Rad8 20. f4 Nf8 21. Nf3 Qc8
22. f5 Bd7 23. cxb4 cxd4 24. Nxd4 Bxb4 25. Bd2 Bc5 26. Ba5 Qb7 27. Bxd8 Rxd8
28. Kh1 Bxd4 29. Qxd4 Qxb3 30. Qh4 Ra8 31. f6 Ng6 32. Qg5 h6 33. Qe3 Qxe3 34.
Rxe3 gxf6 35. exf6 Bb5 36. Nf5 Kh7 37. Nd6 Rf8 38. Nxb5 axb5 39. Ra5 Rb8 40.
Rb3 Nf4 41. Raxb5 Rxb5 42. Rxb5 d4 43. Kg1 d3 44. Rb8 Ne6 45. Kf2 Nc5 46. b4 d2
47. Ke2 Ne4 48. b5 Nxf6 49. b6 Nd7 50. Rb7 Nc5 51. Rxf7+ Kg6 52. b7 Nxb7 53.
Rxb7 d1=Q+ 54. Kxd1 Kg5 55. Ke2 1-0

[Event "Championnat de France des Jeunes - Pous"]
[Site "LA ROCHE SUR YON"]
[Date "2008.04.25"]
[Round "5.2"]
[White "Froment, Theophile"]
[Black "Bellahcene, Bilel"]
[Result "0-1"]
[WhiteElo "1645"]
[BlackElo "1685"]
[Annotator "Salaun,Michel"]
[PlyCount "106"]
[EventDate "2008.04.25"]
[EventType "swiss"]
[EventRounds "5"]
[EventCountry "FRA"]

1. e4 c5 2. Nc3 Nc6 3. Bb5 g6 4. Bxc6 dxc6 5. d3 Bg7 6. Be3 b6 7. f4 Nf6 8. Nf3
Ng4 9. Bg1 O-O 10. h3 Nf6 11. Be3 Qc7 12. O-O Ba6 13. Qe1 Rad8 14. Qh4 c4 15.
e5 Nd5 16. Nxd5 Rxd5 17. d4 c3 18. Rfb1 cxb2 19. Rxb2 e6 20. c3 Qd8 21. Qg3 Qe7
22. Nd2 Rfd8 23. Ne4 Bc4 24. Nd6 R8xd6 25. exd6 Qxd6 26. Rd1 Qa3 27. Rdd2 b5
28. Qe1 Qxc3 29. Qf2 Qa3 30. Kh2 Qd6 31. Rbc2 Bh6 32. g3 Rf5 33. Kg1 g5 34. g4
Rf6 35. f5 Qd5 36. Qg2 Qxg2+ 37. Kxg2 Bd5+ 38. Kh2 exf5 39. Rf2 Re6 40. Bc1
fxg4 41. hxg4 Bg7 42. Bb2 Bxa2 43. Ba3 Bd5 44. Bc5 Bf8 45. Rf5 h6 46. Kg3 Re3+
47. Kf2 Rh3 48. Re2 Bxc5 49. dxc5 Rh2+ 50. Ke3 Rxe2+ 51. Kxe2 Be6 52. Rf6 Kg7
53. Rf1 Bc4+ 0-1

[Event "Championnat de France des Jeunes - Pous"]
[Site "LA ROCHE SUR YON"]
[Date "2008.04.25"]
[Round "5.3"]
[White "Marie, Florian"]
[Black "Delpierre, Elie"]
[Result "1-0"]
[WhiteElo "1660"]
[BlackElo "1750"]
[Annotator "Salaun,Michel"]
[PlyCount "87"]
[EventDate "2008.04.25"]
[EventType "swiss"]
[EventRounds "5"]
[EventCountry "FRA"]

1. d4 Nf6 2. c4 c5 3. d5 e6 4. Nc3 exd5 5. cxd5 d6 6. e4 g6 7. Nf3 Bg7 8. Nd2
a6 9. a4 b6 10. Be2 O-O 11. O-O Re8 12. Bd3 Nbd7 13. f4 Nf8 14. h3 Bd7 15. Re1
Qc7 16. Kh1 h6 17. Kh2 N6h7 18. Qe2 f5 19. Qf1 fxe4 20. Ncxe4 b5 21. axb5 axb5
22. Rxa8 Rxa8 23. Bxb5 Bxb5 24. Qxb5 Rb8 25. Qc6 Qxc6 26. dxc6 Rc8 27. Nxd6
Rxc6 28. N2c4 Nf6 29. Rd1 Kh7 30. g4 N6d7 31. Kg3 Bd4 32. Be3 Ne6 33. Bxd4 Nxd4
34. Ne4 Nb6 35. Nxb6 Rxb6 36. Nxc5 Ne2+ 37. Kf3 Rxb2 38. Rd7+ Kh8 39. Ke3 Ng1
40. h4 Re2+ 41. Kd3 Rh2 42. Ne4 Rxh4 43. Nf6 Nf3 44. Rh7# 1-0

[Event "Championnat de France des Jeunes - Pous"]
[Site "LA ROCHE SUR YON"]
[Date "2008.04.25"]
[Round "5.6"]
[White "Rey, Gaetan"]
[Black "Colin, Enzo"]
[Result "0-1"]
[WhiteElo "1690"]
[BlackElo "1560"]
[Annotator "Salaun,Michel"]
[PlyCount "74"]
[EventDate "2008.04.25"]
[EventType "swiss"]
[EventRounds "5"]
[EventCountry "FRA"]

1. e4 d6 2. d4 Nf6 3. Nc3 g6 4. f3 c6 5. Be3 Nbd7 6. Qd2 Bg7 7. g4 b5 8. h4 h5
9. g5 Ng8 10. f4 e6 11. e5 Nb6 12. Ne4 d5 13. Nd6+ Kf8 14. Nh3 Nc4 15. Bxc4
bxc4 16. Qb4 Qb6 17. Bd2 Ne7 18. a4 Qxd4 19. Ke2 Ba6 20. Bc3 Qb6 21. Kd2 c5 22.
Qxb6 axb6 23. b3 d4 24. a5 dxc3+ 25. Kxc3 cxb3 26. axb6 Nd5+ 27. Kxb3 Nxb6 28.
Ne4 Bb7 29. Rxa8+ Bxa8 30. Nhf2 Bd5+ 31. Kc3 Ke7 32. Rb1 Rb8 33. Ra1 Bxe4 34.
Nxe4 Nd5+ 35. Kc4 Rb7 36. Nxc5 Rc7 37. Ra8 Nb6+ 0-1

[Event "Championnat de France des Jeunes - Pous"]
[Site "LA ROCHE SUR YON"]
[Date "2008.04.25"]
[Round "5.9"]
[White "Stark, Gabriel"]
[Black "Guerry, Emilien"]
[Result "1-0"]
[WhiteElo "1620"]
[BlackElo "1280"]
[Annotator "Salaun,Michel"]
[PlyCount "33"]
[EventDate "2008.04.25"]
[EventType "swiss"]
[EventRounds "5"]
[EventCountry "FRA"]

1. d4 d5 2. c4 e6 3. Nc3 Nf6 4. Bg5 Be7 5. Nf3 O-O 6. e3 Nbd7 7. Bd3 dxc4 8.
Bxc4 a6 9. O-O b5 10. Bd3 Bb7 11. Rc1 c5 12. Bxf6 Bxf6 13. Bb1 Bxf3 14. Qxf3
cxd4 15. exd4 Bxd4 16. Qd3 Ne5 17. Qxh7# 1-0

[Event "Championnat de France des Jeunes - Pous"]
[Site "LA ROCHE SUR YON"]
[Date "2008.04.25"]
[Round "5.10"]
[White "Guines, Dylan"]
[Black "Bianchi, Tobias"]
[Result "1-0"]
[WhiteElo "1460"]
[BlackElo "1600"]
[Annotator "Salaun,Michel"]
[PlyCount "127"]
[EventDate "2008.04.25"]
[EventType "swiss"]
[EventRounds "5"]
[EventCountry "FRA"]

1. e4 c5 2. Nf3 g6 3. d4 cxd4 4. Nxd4 Bg7 5. Nc3 Nc6 6. Be3 Nf6 7. Be2 O-O 8.
O-O d6 9. Nb3 a5 10. f4 a4 11. Nd4 a3 12. Nb3 axb2 13. Rb1 Nd7 14. Qd2 Nf6 15.
Bf3 Bg4 16. Kh1 Bxf3 17. gxf3 Qd7 18. f5 Ne5 19. Bh6 Nc4 20. Qf4 Nh5 21. Qg5
Rfc8 22. Nd5 Re8 23. Nd2 f6 24. Qxh5 gxh5 25. Rg1 e6 26. Nxf6+ Kf7 27. Nxd7
Bxh6 28. Nxc4 Ke7 29. Ndb6 Rxa2 30. Rxb2 Rxb2 31. Nxb2 Be3 32. Re1 Bxb6 33. Nc4
Bd4 34. fxe6 Kxe6 35. Rd1 Bc5 36. f4 Rg8 37. f5+ Ke7 38. Rf1 Kf6 39. Na5 Rg7
40. Nb3 Bb6 41. c3 Rg4 42. Nd2 Be3 43. Nc4 Bc5 44. Re1 d5 45. Nd2 Ba7 46. e5+
Ke7 47. e6 Rf4 48. Rf1 Rg4 49. f6+ Kf8 50. f7 Bc5 51. Nb3 Be7 52. Nd4 h6 53.
Nf5 Rg6 54. Nxe7 Kxe7 55. f8=Q+ Kxe6 56. Qe8+ Kd6 57. Qxg6+ Kc5 58. Qf5 b5 59.
Rd1 b4 60. Qxd5+ Kb6 61. cxb4 h4 62. Qc5+ Kb7 63. Rd7+ Ka6 64. Ra7# 1-0

[Event "Championnat de France des Jeunes - Pous"]
[Site "LA ROCHE SUR YON"]
[Date "2008.04.25"]
[Round "6.3"]
[White "Devoille, Hugo"]
[Black "Stark, Gabriel"]
[Result "0-1"]
[WhiteElo "1741"]
[BlackElo "1620"]
[Annotator "Salaun,Michel"]
[PlyCount "122"]
[EventDate "2008.04.25"]
[EventType "swiss"]
[EventRounds "5"]
[EventCountry "FRA"]

1. e4 e6 2. d4 d5 3. Nd2 Nf6 4. e5 Nfd7 5. Bd3 c5 6. c3 Nc6 7. Ne2 Qb6 8. Nf3
Be7 9. O-O f6 10. exf6 Nxf6 11. Ng3 Bd7 12. Re1 Nd8 13. Ne5 cxd4 14. cxd4 Rc8
15. b3 Nf7 16. Bb2 a5 17. Rc1 Rxc1 18. Qxc1 Bd6 19. Nxd7 Kxd7 20. Re2 Rc8 21.
Rc2 Rxc2 22. Qxc2 h6 23. Bg6 Nd8 24. Qd3 Nc6 25. a3 Ke7 26. Nh5 Nxh5 27. Bxh5
Qd8 28. Qg6 Qf8 29. Bg4 Qf6 30. Bh5 Qxg6 31. Bxg6 b6 32. g3 e5 33. dxe5 Bxe5
34. Bxe5 Nxe5 35. Bc2 Nf3+ 36. Kh1 Ke6 37. Bd1 Nd4 38. Kg2 Ke5 39. Kf1 Ke4 40.
Ke1 Kd3 41. b4 axb4 42. axb4 Kc4 43. Bh5 Nc2+ 44. Kd2 Nxb4 45. f4 b5 46. g4 Nd3
47. f5 Nf4 48. Bf7 b4 49. Kc2 b3+ 50. Kb2 Nd3+ 51. Kb1 Ne5 52. Bh5 d4 53. h4 d3
54. g5 d2 55. gxh6 Kc3 56. hxg7 Nc4 57. g8=Q Na3+ 58. Ka1 b2+ 59. Ka2 b1=Q+ 60.
Kxa3 Qb4+ 61. Ka2 Qb2# 0-1

[Event "Championnat de France des Jeunes - Pous"]
[Site "LA ROCHE SUR YON"]
[Date "2008.04.25"]
[Round "6.5"]
[White "Pigeat, Alexandre"]
[Black "Froment, Theophile"]
[Result "0-1"]
[WhiteElo "1420"]
[BlackElo "1645"]
[Annotator "Salaun,Michel"]
[PlyCount "116"]
[EventDate "2008.04.25"]
[EventType "swiss"]
[EventRounds "5"]
[EventCountry "FRA"]

1. e4 c5 2. Nf3 d6 3. d4 cxd4 4. Nxd4 Nf6 5. Nc3 a6 6. Be3 e5 7. Nf3 Be6 8. Be2
Be7 9. Qd2 Nbd7 10. g3 b5 11. Bd3 Nb6 12. b3 Rc8 13. h3 O-O 14. g4 Qc7 15. Ne2
Rfd8 16. g5 Nfd7 17. h4 Nc5 18. Bxc5 dxc5 19. h5 c4 20. g6 cxd3 21. h6 fxg6 22.
hxg7 Bf6 23. cxd3 Qxg7 24. Qa5 Qb7 25. Kd2 Bg4 26. Nh2 Bxe2 27. Kxe2 Rc2+ 28.
Kd1 Rdc8 29. Ng4 Bg5 30. Re1 Rd2+ 31. Qxd2 Bxd2 32. Kxd2 Qe7 33. Ne3 Qb4+ 34.
Ke2 Qd6 35. Kd2 Rd8 36. Nd5 Nxd5 37. exd5 Qxd5 38. Re3 e4 39. Rae1 exd3 40.
Re8+ Rxe8 41. Rxe8+ Kf7 42. Re3 Qg2 43. Kxd3 Qxf2 44. Re2 Qxe2+ 45. Kxe2 g5 46.
a3 h5 47. Kd3 Ke6 48. Ke4 h4 49. Kf3 h3 50. Kg3 g4 51. Kh2 Ke5 52. Kg3 a5 53.
a4 b4 54. Kh2 Kf4 55. Kg1 Kf3 56. Kh2 Kf2 57. Kh1 h2 58. Kxh2 g3+ 0-1

[Event "Championnat de France des Jeunes - Pous"]
[Site "LA ROCHE SUR YON"]
[Date "2008.04.25"]
[Round "6.2"]
[White "Msellek, Ilyass"]
[Black "Marie, Florian"]
[Result "1/2-1/2"]
[WhiteElo "1829"]
[BlackElo "1660"]
[Annotator "Salaun,Michel"]
[PlyCount "109"]
[EventDate "2008.04.25"]
[EventType "swiss"]
[EventRounds "5"]
[EventCountry "FRA"]

1. e4 e6 2. d4 d5 3. Nc3 dxe4 4. Nxe4 Be7 5. Nf3 Nd7 6. Bc4 Ngf6 7. Neg5 Nb6 8.
Bb3 O-O 9. O-O c5 10. dxc5 Bxc5 11. Ne5 Qc7 12. Ng4 Nxg4 13. Qxg4 Qe5 14. Nf3
Qf5 15. Qxf5 exf5 16. Re1 Bd7 17. Ne5 Bc6 18. Nxc6 bxc6 19. Bd2 a5 20. a3 a4
21. Ba2 Rad8 22. Bc3 Rfe8 23. Kf1 Nd5 24. Bxd5 cxd5 25. Bb4 Rxe1+ 26. Kxe1 Re8+
27. Kf1 Rc8 28. c3 Kf8 29. Ke2 Bxb4 30. axb4 Ra8 31. Kd3 Ke7 32. b3 a3 33. c4
Kd6 34. Kd4 dxc4 35. bxc4 Ra4 36. c5+ Kc6 37. Kc4 g5 38. f3 h5 39. Ra2 f6 40.
g3 h4 41. gxh4 gxh4 42. Kb3 Kb5 43. Rxa3 Rxb4+ 44. Kc3 Rc4+ 45. Kd3 Rxc5 46.
Kd4 Rc4+ 47. Kd5 Rc2 48. h3 Rg2 49. Ke6 Rg3 50. Kxf5 Rxh3 51. Kxf6 Rg3 52. Ra1
h3 53. Rh1 Rxf3+ 54. Kg5 Kc4 55. Kg4 1/2-1/2

[Event "Championnat de France des Jeunes - Pous"]
[Site "LA ROCHE SUR YON"]
[Date "2008.04.25"]
[Round "6.1"]
[White "Boudia, Samy"]
[Black "Bellahcene, Bilel"]
[Result "0-1"]
[WhiteElo "1690"]
[BlackElo "1685"]
[Annotator "Salaun,Michel"]
[PlyCount "78"]
[EventDate "2008.04.25"]
[EventType "swiss"]
[EventRounds "5"]
[EventCountry "FRA"]

1. d4 Nf6 2. c4 e6 3. a3 b6 4. Nc3 Bb7 5. e3 Be7 6. Nf3 O-O 7. Bd3 d5 8. cxd5
Nxd5 9. O-O c5 10. Ne5 cxd4 11. exd4 Nd7 12. f4 Nxe5 13. fxe5 Nxc3 14. bxc3 Qd5
15. Rf3 f6 16. Rg3 f5 17. Qe2 Rac8 18. Bh6 Rf7 19. Rc1 f4 20. Rg4 Rxc3 21. Rd1
Qxd4+ 22. Kh1 Qe3 23. Qxe3 fxe3 24. Bxe3 Rxd3 25. Rxd3 Rf1+ 26. Bg1 Bc5 27. h3
Rxg1+ 28. Kh2 Bd5 29. Rc3 Ra1 30. a4 Ra3 31. Rxa3 Bxa3 32. Kg3 Bb2 33. Kf4 h5
34. Rg3 Bc1+ 35. Re3 g5+ 36. Kxg5 Bxe3+ 37. Kxh5 Bxg2 38. h4 Kf7 39. a5 Bf3#
0-1

[Event "Championnat de France des Jeunes - Pous"]
[Site "LA ROCHE SUR YON"]
[Date "2008.04.25"]
[Round "6.4"]
[White "Colin, Enzo"]
[Black "Grezels, Florian"]
[Result "0-1"]
[WhiteElo "1560"]
[BlackElo "1650"]
[Annotator "Salaun,Michel"]
[PlyCount "76"]
[EventDate "2008.04.25"]
[EventType "swiss"]
[EventRounds "5"]
[EventCountry "FRA"]

1. e4 e5 2. f4 exf4 3. Nf3 g5 4. Bc4 Bg7 5. O-O h6 6. Nc3 Ne7 7. d4 d6 8. h3
Nbc6 9. d5 Ne5 10. Nxe5 Bxe5 11. Qh5 Bd7 12. g3 Ng6 13. gxf4 Bxf4 14. Bxf4 Nxf4
15. Qf3 Bxh3 16. Bb5+ Bd7 17. Bd3 h5 18. Ne2 Bg4 19. Qe3 Nh3+ 20. Kh1 Bxe2 21.
Bxe2 Nf4 22. Bb5+ Kf8 23. Qc3 f6 24. Rg1 Rg8 25. Raf1 Qe7 26. a4 Qxe4+ 27. Kh2
Qe5 28. Qxe5 dxe5 29. Bc4 Rg7 30. b4 g4 31. b5 h4 32. Rxf4 exf4 33. Rf1 f3 34.
Bd3 g3+ 35. Kg1 f2+ 36. Kg2 h3+ 37. Kh1 g2+ 38. Kh2 g1=Q+ 0-1

[Event "Championnat de France des Jeunes - Pous"]
[Site "LA ROCHE SUR YON"]
[Date "2008.04.25"]
[Round "6.6"]
[White "Rambaldi, Francesco"]
[Black "Leinenweber, Eliott"]
[Result "1/2-1/2"]
[WhiteElo "1640"]
[BlackElo "1500"]
[Annotator "Salaun,Michel"]
[PlyCount "62"]
[EventDate "2008.04.25"]
[EventType "swiss"]
[EventRounds "5"]
[EventCountry "FRA"]

1. e4 e5 2. d4 exd4 3. Qxd4 Nc6 4. Qe3 Nf6 5. Bd2 Be7 6. Nc3 d5 7. exd5 Nxd5 8.
Nxd5 Qxd5 9. c4 Qe6 10. Qxe6 Bxe6 11. Nf3 Nb4 12. Bxb4 Bxb4+ 13. Nd2 O-O-O 14.
O-O-O Bf5 15. a3 Bc5 16. Be2 g6 17. f4 Rhe8 18. Bf3 Be3 19. g3 Rd6 20. g4 Be4
21. Rhf1 Bd3 22. Rfe1 Bxd2+ 23. Kxd2 Be2+ 24. Bd5 Bxd1 25. Rxe8+ Kd7 26. Rf8
Bxg4 27. Rxf7+ Kd8 28. Rf8+ Ke7 29. Rf7+ Kd8 30. Rf8+ Kd7 31. Rf7+ Kd8 1/2-1/2

[Event "Championnat de France des Jeunes - Pous"]
[Site "LA ROCHE SUR YON"]
[Date "2008.04.25"]
[Round "6.10"]
[White "Bedini, Lucas"]
[Black "Micheli, Paul"]
[Result "1-0"]
[WhiteElo "1570"]
[BlackElo "1320"]
[Annotator "Salaun,Michel"]
[PlyCount "147"]
[EventDate "2008.04.25"]
[EventType "swiss"]
[EventRounds "5"]
[EventCountry "FRA"]

1. e4 d6 2. d4 Nf6 3. Nc3 g6 4. Be3 Bg7 5. e5 dxe5 6. dxe5 Qxd1+ 7. Rxd1 Ng4 8.
Nb5 Bxe5 9. Bd4 Bxd4 10. Rxd4 Nc6 11. Nxc7+ Kf8 12. Rxg4 Bxg4 13. Nxa8 Kg7 14.
Nc7 Rd8 15. f3 Bf5 16. c3 a6 17. g4 Bc2 18. c4 e6 19. c5 Rc8 20. Nxa6 bxa6 21.
Bxa6 Rc7 22. b3 Nb4 23. Bc4 Bd3 24. Bxd3 Nxd3+ 25. Ke2 Nxc5 26. Nh3 Ra7 27. Kd2
Rxa2+ 28. Kc3 Ra8 29. Rc1 Rc8 30. Ra1 Rb8 31. b4 Nb7 32. Kc4 Nd6+ 33. Kc5 Nb7+
34. Kc6 Nd8+ 35. Kc7 Rxb4 36. Kxd8 Rb3 37. Ng1 Rd3+ 38. Ke8 f5 39. g5 Rb3 40.
Re1 Rb8+ 41. Ke7 Rb7+ 42. Kxe6 Kf8 43. Ra1 Re7+ 44. Kd5 Rd7+ 45. Ke5 Re7+ 46.
Kf4 Kg7 47. h4 h5 48. Ra2 Rb7 49. Ne2 Rb4+ 50. Kg3 Kf7 51. Ra7+ Ke6 52. Rg7 Rb8
53. Rxg6+ Kf7 54. Rf6+ Kg7 55. Rxf5 Rg8 56. Nf4 Kh7 57. Rf7+ Kh8 58. Nxh5 Rg6
59. Kg4 Kg8 60. Rf6 Rxf6 61. Nxf6+ Kg7 62. h5 Kf7 63. h6 Kg6 64. h7 Kg7 65. Kf5
Kh8 66. g6 Kg7 67. Ne4 Kh8 68. f4 Kg7 69. h8=Q+ Kxh8 70. Kf6 Kg8 71. g7 Kh7 72.
Kf7 Kh6 73. g8=Q Kh5 74. Qg5# 1-0

[Event "Championnat de France des Jeunes - Pous"]
[Site "LA ROCHE SUR YON"]
[Date "2008.04.25"]
[Round "6.7"]
[White "Delpierre, Elie"]
[Black "Guines, Dylan"]
[Result "1/2-1/2"]
[WhiteElo "1750"]
[BlackElo "1460"]
[Annotator "Salaun,Michel"]
[PlyCount "113"]
[EventDate "2008.04.25"]
[EventType "swiss"]
[EventRounds "5"]
[EventCountry "FRA"]

1. d4 Nf6 2. c4 c5 3. d5 b5 4. cxb5 a6 5. e3 d6 6. Nc3 g6 7. Nge2 Bg7 8. g3 O-O
9. Bg2 Nbd7 10. O-O Qb6 11. Qb3 Ne5 12. Na4 Qxb5 13. Qxb5 axb5 14. Nb6 Rb8 15.
Nxc8 Rfxc8 16. Rd1 Nc4 17. Rb1 b4 18. b3 Ne5 19. f4 Ned7 20. Bb2 Ng4 21. Bc1
Ra8 22. Bf3 Ngf6 23. Rd2 Nb6 24. e4 Rd8 25. a3 bxa3 26. Ra2 Rdb8 27. Rxa3 Rxa3
28. Bxa3 Nc4 29. Bc1 Na5 30. Bd2 Rxb3 31. Rxb3 Nxb3 32. Bc3 c4 33. Nd4 Nxd4 34.
Bxd4 Kf8 35. Kf2 Nxe4+ 36. Bxe4 Bxd4+ 37. Ke2 Ke8 38. Kd2 Kd7 39. f5 Kc7 40.
fxg6 hxg6 41. g4 g5 42. Kc2 Kb6 43. Bh1 Kb5 44. h3 Kb4 45. Be4 c3 46. Bh7 e6
47. Bg8 exd5 48. Bxf7 Kc4 49. Bg6 Be5 50. Bd3+ Kd4 51. Bf1 Ke3 52. Bg2 Kf2 53.
Bxd5 Kg3 54. Be6 Kxh3 55. Kd3 Kg3 56. Kc2 d5 57. Bf5 {(=)} 1/2-1/2

[Event "Championnat de France des Jeunes - Pous"]
[Site "LA ROCHE SUR YON"]
[Date "2008.04.26"]
[Round "7.3"]
[White "Stark, Gabriel"]
[Black "Grezels, Florian"]
[Result "0-1"]
[WhiteElo "1620"]
[BlackElo "1650"]
[Annotator "Salaun,Michel"]
[PlyCount "71"]
[EventDate "2008.04.25"]
[EventType "swiss"]
[EventRounds "5"]
[EventCountry "FRA"]

1. d4 d5 2. c4 e6 3. Nc3 Nf6 4. Bg5 c6 5. Nf3 Be7 6. e3 Nbd7 7. Bd3 dxc4 8.
Bxc4 b5 9. Bd3 O-O 10. O-O Re8 11. Qc2 Nf8 12. Nd2 Bb7 13. f4 Nd5 14. Bxe7 Qxe7
15. Rf3 Rac8 16. Rh3 g6 17. Rf1 c5 18. Bxb5 Red8 19. Nde4 cxd4 20. exd4 Nb4 21.
Qd1 Bxe4 22. Nxe4 Nxa2 23. Rff3 Rc1 24. Qxc1 Nxc1 25. Rc3 Na2 26. Rc4 Qb7 27.
Nf6+ Kh8 28. Rb3 Qe7 29. Ne4 f5 30. Nf2 Qf6 31. Ra3 Rxd4 32. Rxa2 Rxc4 33. Bxc4
Qd4 34. Bf1 Nd7 35. Ra3 Nc5 36. Rxa7 0-1

[Event "Championnat de France des Jeunes - Pous"]
[Site "LA ROCHE SUR YON"]
[Date "2008.04.25"]
[Round "6.9"]
[White "Caslani, Nicolas"]
[Black "Venou, Randjit"]
[Result "0-1"]
[WhiteElo "1460"]
[BlackElo "1580"]
[Annotator "Salaun,Michel"]
[PlyCount "58"]
[EventDate "2008.04.25"]
[EventType "swiss"]
[EventRounds "5"]
[EventCountry "FRA"]

1. d4 Nf6 2. c4 c5 3. d5 b5 4. e3 g6 5. Nf3 Bg7 6. Be2 d6 7. O-O O-O 8. Nbd2
Nbd7 9. e4 Qc7 10. Nb3 bxc4 11. Bxc4 Nb6 12. Be2 Nxe4 13. Re1 Bb7 14. Ng5 Nxg5
15. Bxg5 Bxd5 16. Bf3 Bxf3 17. Qxf3 Rfe8 18. a4 Rac8 19. Qh3 e6 20. Bh6 Bxb2
21. Ra2 Bg7 22. Bxg7 Kxg7 23. a5 Nd5 24. Nd2 Qc6 25. Nf3 Rb8 26. Ng5 h6 27. Ne4
f5 28. Ng3 Nf4 29. Qh4 Qxg2# 0-1

[Event "Championnat de France des Jeunes - Pous"]
[Site "LA ROCHE SUR YON"]
[Date "2008.04.25"]
[Round "6.8"]
[White "Roussel, Glenn"]
[Black "Bouvet, Florian"]
[Result "1/2-1/2"]
[WhiteElo "1517"]
[BlackElo "1590"]
[Annotator "Salaun,Michel"]
[PlyCount "57"]
[EventDate "2008.04.25"]
[EventType "swiss"]
[EventRounds "5"]
[EventCountry "FRA"]

1. e4 e5 2. Nf3 Nc6 3. Bb5 d6 4. Bxc6+ bxc6 5. O-O Nf6 6. Nc3 Bb7 7. d3 g6 8.
Bg5 Bg7 9. Re1 O-O 10. Qd2 Re8 11. Bh6 Nd7 12. Bxg7 Kxg7 13. Re3 f6 14. Nh4 Re6
15. Rh3 Qg8 16. Nf3 g5 17. Ne2 Nf8 18. Ng3 Ng6 19. Nf5+ Kh8 20. Re1 Rf8 21. Nh6
Qg7 22. Nf5 Qd7 23. d4 g4 24. N3h4 gxh3 25. Nxg6+ hxg6 26. Qh6+ Qh7 27. Qxf8+
Qg8 28. Qh6+ Qh7 29. Qf8+ 1/2-1/2

[Event "Championnat de France des Jeunes - Pous"]
[Site "LA ROCHE SUR YON"]
[Date "2008.04.26"]
[Round "7.1"]
[White "Bellahcene, Bilel"]
[Black "Marie, Florian"]
[Result "1-0"]
[WhiteElo "1685"]
[BlackElo "1660"]
[Annotator "Salaun,Michel"]
[PlyCount "47"]
[EventDate "2008.04.25"]
[EventType "swiss"]
[EventRounds "5"]
[EventCountry "FRA"]

1. e4 e6 2. d4 d5 3. Nc3 dxe4 4. Nxe4 Be7 5. Nf3 Nd7 6. Bd3 Ngf6 7. Nxf6+ Nxf6
8. Bg5 O-O 9. Qe2 a5 10. O-O-O a4 11. Bxf6 Bxf6 12. h4 a3 13. b3 Kh8 14. Qe4 g6
15. h5 Kg7 16. hxg6 hxg6 17. Ne5 Bg5+ 18. f4 f5 19. Qe3 Bh6 20. Qg3 Qf6 21.
Rxh6 Kxh6 22. Rh1+ Kg7 23. Qh3 Rf7 24. Qh8# 1-0

[Event "Championnat de France des Jeunes - Pous"]
[Site "LA ROCHE SUR YON"]
[Date "2008.04.26"]
[Round "7.2"]
[White "Froment, Theophile"]
[Black "Boudia, Samy"]
[Result "0-1"]
[WhiteElo "1645"]
[BlackElo "1690"]
[Annotator "Salaun,Michel"]
[PlyCount "42"]
[EventDate "2008.04.25"]
[EventType "swiss"]
[EventRounds "5"]
[EventCountry "FRA"]

1. e4 d6 2. d4 Nf6 3. Nc3 g6 4. f3 Bg7 5. Be3 O-O 6. Qd2 Nbd7 7. O-O-O Rb8 8.
e5 Ne8 9. Bh6 a6 10. h4 f5 11. Bc4+ Kh8 12. h5 f4 13. Bxf4 gxh5 14. Rxh5 Nb6
15. Bd3 dxe5 16. Rxh7+ Kg8 17. Bxe5 Nf6 18. Qg5 Rf7 19. Bg6 Rf8 20. Bh5 Kxh7
21. Nge2 Bh6 0-1

[Event "Championnat de France des Jeunes - Pous"]
[Site "LA ROCHE SUR YON"]
[Date "2008.04.26"]
[Round "7.4"]
[White "Leinenweber, Eliott"]
[Black "Msellek, Ilyass"]
[Result "0-1"]
[WhiteElo "1500"]
[BlackElo "1829"]
[Annotator "Salaun,Michel"]
[PlyCount "130"]
[EventDate "2008.04.25"]
[EventType "swiss"]
[EventRounds "5"]
[EventCountry "FRA"]

1. e4 c5 2. c3 d5 3. exd5 Qxd5 4. d4 Nc6 5. Nf3 Bg4 6. Be2 e6 7. h3 Bh5 8. O-O
Be7 9. Be3 Nf6 10. Nbd2 cxd4 11. Bc4 Qd7 12. cxd4 O-O 13. Be2 Nd5 14. Nb3 b6
15. Rc1 a6 16. Ne5 Nxe5 17. Bxh5 Ng6 18. Bxg6 hxg6 19. Qf3 Qa4 20. Ra1 Rac8 21.
Rfc1 Rxc1+ 22. Nxc1 Bf6 23. Ne2 Rc8 24. b3 Qb4 25. Rd1 Rc2 26. Rc1 Rxc1+ 27.
Nxc1 Bxd4 28. Nd3 Qc3 29. Qe4 Bxe3 30. fxe3 Qd2 31. a3 Qxe3+ 32. Qxe3 Nxe3 33.
Kf2 Nd5 34. Ke2 Kf8 35. Nf2 Ke7 36. g3 Kd6 37. Kd3 f5 38. b4 e5 39. Nd1 g5 40.
Kc4 b5+ 41. Kd3 f4 42. gxf4 gxf4 43. Ke4 Nf6+ 44. Kd3 e4+ 45. Kd4 e3 46. Kd3
Ke5 47. Nc3 Nd5 48. Nd1 Nf6 49. Nc3 g5 50. Ke2 Kd4 51. Nd1 Ne4 52. Ke1 Kd3 53.
Nb2+ Kc3 54. Nd1+ Kc2 55. Nxe3+ fxe3 56. Ke2 Kb3 57. Kxe3 Nf6 58. Kd4 Kxa3 59.
Ke5 g4 60. h4 g3 61. Kxf6 g2 62. h5 g1=Q 63. h6 Kxb4 64. h7 a5 65. h8=Q Qa1+
0-1

[Event "Championnat de France des Jeunes - Pous"]
[Site "LA ROCHE SUR YON"]
[Date "2008.04.26"]
[Round "7.5"]
[White "Guines, Dylan"]
[Black "Rambaldi, Francesco"]
[Result "1-0"]
[WhiteElo "1460"]
[BlackElo "1640"]
[Annotator "Salaun,Michel"]
[PlyCount "121"]
[EventDate "2008.04.25"]
[EventType "swiss"]
[EventRounds "5"]
[EventCountry "FRA"]

1. e4 c5 2. Nf3 e6 3. d4 cxd4 4. Nxd4 a6 5. a4 Nf6 6. Nc3 Bb4 7. Bd2 Bxc3 8.
bxc3 Nxe4 9. Bd3 Nf6 10. O-O d5 11. Bf4 O-O 12. Bg5 Nbd7 13. Re1 e5 14. Nb3 e4
15. Bf1 Re8 16. Nd4 b6 17. Re3 Qc7 18. Rg3 Bb7 19. Bh6 g6 20. Nf5 Re5 21. Bf4
Rc8 22. Ne7+ Kh8 23. Nxc8 Bxc8 24. Bxe5 Qxe5 25. Qd4 Qc7 26. c4 Qc5 27. Qxc5
Nxc5 28. a5 d4 29. axb6 Nfd7 30. Rb1 f5 31. f3 e3 32. Bd3 Nf6 33. Kf1 Kg7 34.
Ke2 h6 35. Bxf5 Bxf5 36. b7 Nxb7 37. Rxb7+ Kf8 38. Rb6 Nh5 39. Rgxg6 Nf4+ 40.
Kd1 Nxg6 41. Rf6+ Kg7 42. Rxf5 Nh4 43. Rd5 a5 44. Rxd4 Nxg2 45. Rg4+ Kf6 46.
Rxg2 a4 47. c3 Kf5 48. c5 Ke6 49. Ke2 a3 50. Kxe3 a2 51. Rxa2 Kd5 52. Re2 Kxc5
53. f4 h5 54. f5 h4 55. f6 Kc4 56. f7 Kxc3 57. f8=Q Kc4 58. Qc8+ Kb3 59. Kd3
Ka3 60. Qb8 Ka4 61. Ra2# 1-0